Intellectual property law / (Record no. 134574)
[ view plain ]
| 000 -LEADER | |
|---|---|
| fixed length control field | 00732nam a22002537a 4500 |
| 005 - DATE AND TIME OF LATEST TRANSACTION | |
| control field | 20170124110229.0 |
| 010 ## - LIBRARY OF CONGRESS CONTROL NUMBER | |
| LC control number | B-059476 |
| 020 ## - INTERNATIONAL STANDARD BOOK NUMBER | |
| International Standard Book Number | 9788171771325 |
| Terms of availability | 315.00 |
| 035 ## - SYSTEM CONTROL NUMBER | |
| System control number | B-059476 |
| 037 ## - SOURCE OF ACQUISITION | |
| Source of stock number/acquisition | Cen Lib/Ret |
| 040 ## - CATALOGING SOURCE | |
| Original cataloging agency | DPL |
| Language of cataloging | EN |
| 082 ## - DEWEY DECIMAL CLASSIFICATION NUMBER | |
| Classification number | 346.54048 |
| Item number | NAR |
| 100 ## - MAIN ENTRY--PERSONAL NAME | |
| Personal name | Narayanan, P. |
| 9 (RLIN) | 112597 |
| 245 ## - TITLE STATEMENT | |
| Title | Intellectual property law / |
| Statement of responsibility, etc | by P. Narayanan |
| 246 ## - VARYING FORM OF TITLE | |
| Remainder of title | |
| 250 ## - EDITION STATEMENT | |
| Edition statement | 3rd ed |
| 260 ## - PUBLICATION, DISTRIBUTION, ETC. (IMPRINT) | |
| Name of publisher, distributor, etc | Eastern Law House |
| Date of publication, distribution, etc | 2001 |
| Place of publication, distribution, etc | Kolkata |
| 270 ## - ADDRESS | |
| City | Kolkata |
| Address | 54 Ganesh Chunder Avenue |
| Postal code | 700013 |
| 300 ## - PHYSICAL DESCRIPTION | |
| Extent | 631p. |
| Dimensions | 21cm(pbk) |
| 500 ## - GENERAL NOTE | |
| General note | Includes index |
| 650 ## - SUBJECT ADDED ENTRY--TOPICAL TERM | |
| Topical term or geographic name as entry element | Intellectual property -- India |
| 9 (RLIN) | 112598 |
| 650 ## - SUBJECT ADDED ENTRY--TOPICAL TERM | |
| Topical term or geographic name as entry element | Intellectual property |
| 9 (RLIN) | 112599 |
| 942 ## - ADDED ENTRY ELEMENTS (KOHA) | |
| Source of classification or shelving scheme | Dewey Decimal Classification |
| Koha item type | English Books |
| Classification part | 346.54048 |
| Call number suffix | NAR |
| Withdrawn status | Lost status | Damaged status | Not for loan | Collection code | Home library | Current library | Date acquired | Source of acquisition | Cost, normal purchase price | Total Checkouts | Full call number | Barcode | Date last seen | Copy number | Cost, replacement price | Price effective from | Koha item type |
|---|---|---|---|---|---|---|---|---|---|---|---|---|---|---|---|---|---|
| Not For Loan | Reference | Central Library | Central Library | 30/07/2015 | Cen Lib/Ret | 315.00 | 346.54048 NAR | B-059476 | 30/07/2015 | 1 | 315.00 | 30/07/2015 | English Books |
